| 000 | 00806nam a22002417a 4500 | ||
|---|---|---|---|
| 999 |
_c14176 _d14176 |
||
| 003 | AR-CdUCM | ||
| 008 | 190422b ||||| |||| 00| 0 spa d | ||
| 020 | _a978-607-16-2131-3 | ||
| 040 |
_aMUNICIPALIDAD PROVINCIAL DEL CUSCO _cBIBLIOTECA MUNICIPAL DEL CUSCO |
||
| 041 | _hspa | ||
| 082 |
_aEP / 376.1 / _bQ7 |
||
| 100 |
_aQuintero, Aramís _932848 |
||
| 245 | _aCielo de Agua / | ||
| 260 |
_aMexico D. F. : _bFondo de cultura económica, _c2014. |
||
| 300 |
_a23 páginas ; _bIlustraciones, _c25 cm. |
||
| 500 | _aPremio Hispanoamericano de poesía para niños 2013. | ||
| 505 | _aContenido: Cielo de agua. | ||
| 650 |
_aPoesía Infantil _95555 |
||
| 650 |
_aLiteratura Infantil _9588 |
||
| 710 |
_aFundaciones para las letras Mexicanas _932849 |
||
| 942 |
_2ddc _cLIBROS |
||
| 945 |
_acmm _d2019-04-22 |
||